Missä pääkaupunki on valtion kartalla? - Monivalintavisa - Statistics

Yleistilastot
  • Tätä visaa on pelattu 653 kertaa
    600 viimeisimmän päivityksen jälkeen
  • Keskiarvotulos 10 / 15
Vastaustilastot
Kysymys Vastaus % Oikein
Missä Ruotsin pääkaupunki sijaitsee?
94%
Missä Yhdistyneen kuningaskunnan pääkaupunki sijaitsee?
89%
Missä Saksan pääkaupunki sijaitsee?
85%
Missä Ranskan pääkaupunki sijaitsee?
83%
Missä Espanjan pääkaupunki sijaitsee?
77%
Missä Yhdysvaltain pääkaupunki sijaitsee?
69%
Missä Turkin pääkaupunki sijaitsee?
68%
Missä Japanin pääkaupunki sijaitsee?
67%
Missä Egyptin pääkaupunki sijaitsee?
65%
Missä Intian pääkaupunki sijaitsee?
64%
Missä Brasilian pääkaupunki sijaitsee?
61%
Missä Kanadan pääkaupunki sijaitsee?
58%
Missä Australian pääkaupunki sijaitsee?
57%
Missä Kiinan pääkaupunki sijaitsee?
52%
Missä Marokon pääkaupunki sijaitsee?
39%
Ehtoja vastaavia visoja ei löytynyt
Tulosjakauma
Jokaisen tuloksen saaneiden osuus
Persentiili vastausten määrän mukaan
Tuloshistoriasi
Et ole pelannut tätä visaa sen viimeisimmän päivityksen jälkeen